[Event "Brasilia-ch final"]
[Site "Brasilia"]
[Date "2018.10.20"]
[Round "3"]
[White "Moraes Silva, Carlos Alessandro"]
[Black "Nascimento, Pedro Henrique Alve"]
[Result "1-0"]
[WhiteElo "2011"]
[BlackElo "2015"]
[PlyCount "59"]
[EventDate "2018.10.19"]
[EventType "tourn"]
[EventRounds "7"]
[EventCountry "BRA"]
[SourceTitle "CBM 187 Extra"]
[Source "ChessBase"]
[SourceDate "2018.11.04"]
[SourceVersion "1"]
[SourceVersionDate "2018.11.04"]
[SourceQuality "1"]

1. Nf3 d5 2. e3 Nf6 3. c4 e6 4. Nc3 Be7 5. b3 0-0 6. Bb2 b6 7. cxd5 exd5 8. Bd3 Bb7 9. 0-0 c5 10. Ne2 Nbd7 11. Ng3 Re8 12. Rc1 Ne4 13. Bb1 Bf6 14. d4 Rc8 15. Nh5 c4 16. Bxe4 dxe4 17. Nd2 cxb3 18. Qxb3 Qe7 19. Nc4 Bd5 20. Nf4 Bxc4 21. Rxc4 Qd6 22. Ba3 Qb8 23. Rfc1 g6 24. Nd5 Rxc4 25. Qxc4 Bg7 26. Ne7+ Kh8 27. Qxf7 Nf6 28. Nc6 Qa8 29. d5 Rc8 30. Rd1 1-0

[Event "Brasilia IRT de Ferias"]
[Site "Brasilia"]
[Date "2016.07.17"]
[Round "5.5"]
[White "Moraes Silva, Carlos Alessandro"]
[Black "Felix, Luiza de Oliveira"]
[Result "0-1"]
[WhiteElo "1848"]
[BlackElo "1540"]
[PlyCount "126"]
[EventDate "2016.07.15"]
[EventType "swiss"]
[EventRounds "6"]
[EventCountry "BRA"]
[SourceTitle "EXT 2022"]
[Source "ChessBase"]
[SourceDate "2021.10.06"]
[SourceVersion "1"]
[SourceVersionDate "2021.10.06"]
[SourceQuality "1"]

1. d4 Nf6 2. Nf3 e6 3. Bg5 c5 4. c3 h6 5. Bf4 Be7 6. dxc5 Bxc5 7. e3 0-0 8. Bd3 d5 9. 0-0 Nc6 10. Nd4 Re8 11. Nxc6 bxc6 12. Be5 Nd7 13. Qh5 Nxe5 14. Qxe5 Bd6 15. Qh5 e5 16. e4 Bb7 17. Nd2 Qb6 18. Rab1 Ba6 19. Qe2 Bxd3 20. Qxd3 Rad8 21. Rfd1 Bc5 22. Qf3 Re6 23. b4 Be7 24. Qe2 a6 25. Kh1 d4 26. cxd4 Rxd4 27. a3 Red6 28. Kg1 Qd8 29. g3 Rxd2 30. Rxd2 Rxd2 31. Qxa6 Rd1+ 32. Rxd1 Qxd1+ 33. Kg2 Qc2 34. Qc8+ Bf8 35. Qf5 Qc3 36. h4 g6 37. Qg4 Qxa3 38. h5 g5 39. Qc8 Qxb4 40. Qxc6 Qd6 41. Qc8 Qe6 42. Qc3 Qf6 43. g4 Qf4 44. f3 Qf6 45. Qc8 Qd6 46. Qc2 Qc5 47. Qd3 Kg7 48. Qd2 Qd4 49. Qc1 Bb4 50. Kg3 Qd2 51. Qa1 Qe1+ 52. Qxe1 Bxe1+ 53. Kg2 Kf6 54. Kf1 Bb4 55. Ke2 Ke6 56. Kd3 Bc5 57. Kc4 Kd6 58. Kb5 Ba3 59. Kc4 Kc6 60. Kb3 Kc5 61. Kxa3 Kd4 62. Kb4 Ke3 63. f4 exf4 0-1

[Event "Brasilia IRT de Ferias"]
[Site "Brasilia"]
[Date "2016.07.17"]
[Round "6.5"]
[White "Movahedi Aliabadi, Hamid"]
[Black "Moraes Silva, Carlos Alessandro"]
[Result "0-1"]
[WhiteElo "1529"]
[BlackElo "1848"]
[PlyCount "74"]
[EventDate "2016.07.15"]
[EventType "swiss"]
[EventRounds "6"]
[EventCountry "BRA"]
[SourceTitle "EXT 2022"]
[Source "ChessBase"]
[SourceDate "2021.10.06"]
[SourceVersion "1"]
[SourceVersionDate "2021.10.06"]
[SourceQuality "1"]

1. d4 d5 2. c4 e6 3. cxd5 exd5 4. Nc3 Nf6 5. Bg5 Nbd7 6. e3 c6 7. g3 Qb6 8. Qc2 Bb4 9. Bxf6 Nxf6 10. Bg2 0-0 11. Nge2 g6 12. 0-0 Bf5 13. e4 dxe4 14. Nxe4 Kg7 15. f3 Rae8 16. Rad1 Nd5 17. Qc1 Qa6 18. N2c3 Bxc3 19. bxc3 Qxa2 20. Rf2 Qa5 21. c4 Bxe4 22. fxe4 Nc3 23. Re1 Na4 24. Rc2 Nb6 25. Ree2 Qh5 26. Qf1 Rd8 27. d5 Qe5 28. Red2 Rd6 29. c5 Rf6 30. Bf3 Na4 31. Kg2 Nc3 32. Qa1 cxd5 33. Rxd5 Nxd5 34. Qxe5 Ne3+ 35. Kf2 Ng4+ 36. Ke2 Nxe5 37. Bg2 Rd8 0-1

[Event "Brasilia Terraviva op"]
[Site "Brasilia"]
[Date "2016.04.24"]
[Round "6"]
[White "Pereira, Armando Scharlau"]
[Black "Moraes Silva, Carlos Alessandro"]
[Result "0-1"]
[WhiteElo "1729"]
[BlackElo "1758"]
[PlyCount "74"]
[EventDate "2016.04.21"]
[EventType "swiss"]
[EventRounds "7"]
[EventCountry "BRA"]
[SourceTitle "CBM 172 Extra"]
[Source "ChessBase"]
[SourceDate "2016.06.21"]
[SourceVersion "1"]
[SourceVersionDate "2016.06.21"]
[SourceQuality "1"]

1. Nf3 Nf6 2. d4 e6 3. Bg5 d5 4. Nbd2 Nbd7 5. e4 dxe4 6. Nxe4 Be7 7. Bd3 Nxe4 8. Bxe7 Qxe7 9. Bxe4 Qb4+ 10. Qd2 Qxb2 11. 0-0 Nf6 12. Bd3 0-0 13. Rfb1 Qa3 14. Rb5 h6 15. Re5 b6 16. Qe3 Qd6 17. Re1 Bb7 18. h3 Rad8 19. c3 c5 20. g4 Qc6 21. g5 Qxf3 22. Qxf3 Bxf3 23. R5e3 Bh5 24. gxf6 gxf6 25. dxc5 bxc5 26. Bc4 Kh7 27. Rb1 Rd1+ 28. Rxd1 Bxd1 29. f3 Rd8 30. Kf2 Bc2 31. Kg3 Rd2 32. f4 Bb1 33. a3 Ba2 34. Bd3+ f5 35. Be2 Bd5 36. Kf2 c4 37. Ke1 Ra2 0-1

[Event "Brasilia Terraviva op"]
[Site "Brasilia"]
[Date "2016.04.23"]
[Round "4"]
[White "Penha, Evelyn Maximiano"]
[Black "Moraes Silva, Carlos Alessandro"]
[Result "1/2-1/2"]
[WhiteElo "1625"]
[BlackElo "1758"]
[PlyCount "62"]
[EventDate "2016.04.21"]
[EventType "swiss"]
[EventRounds "7"]
[EventCountry "BRA"]
[SourceTitle "CBM 172 Extra"]
[Source "ChessBase"]
[SourceDate "2016.06.21"]
[SourceVersion "1"]
[SourceVersionDate "2016.06.21"]
[SourceQuality "1"]

1. e4 e5 2. Nf3 Nc6 3. d4 exd4 4. Nxd4 Bc5 5. Nb3 Bb6 6. Nc3 Qf6 7. Qe2 Nge7 8. Be3 Bxe3 9. Qxe3 a6 10. 0-0-0 d6 11. Kb1 Be6 12. Be2 Bxb3 13. axb3 0-0-0 14. Nd5 Qe6 15. Bc4 Qd7 16. f4 Kb8 17. Rhe1 f6 18. h3 h5 19. Qc3 h4 20. Nxe7 Nxe7 21. f5 Qc6 22. Qb4 Rhe8 23. Bd5 Nxd5 24. exd5 Qd7 25. Re6 Rh8 26. Qg4 Rde8 27. Rde1 Kc8 28. Rxe8+ Rxe8 29. Rxe8+ Qxe8 30. Qxh4 b5 31. Qh7 Qe1+ 1/2-1/2

[Event "Brasilia-ch op"]
[Site "Brasilia"]
[Date "2015.11.02"]
[Round "7"]
[White "Felix, Raimundo Nascimento"]
[Black "Moraes Silva, Carlos Alessandro"]
[Result "1-0"]
[WhiteElo "1960"]
[BlackElo "1696"]
[PlyCount "79"]
[EventDate "2015.10.30"]
[EventType "swiss"]
[EventRounds "7"]
[EventCountry "BRA"]
[SourceTitle "CBM 169 Extra"]
[Source "ChessBase"]
[SourceDate "2015.12.18"]
[SourceVersion "1"]
[SourceVersionDate "2015.12.18"]
[SourceQuality "1"]

1. e4 c5 2. Nc3 d6 3. f4 Nf6 4. Nf3 Nc6 5. Bc4 Bg4 6. h3 Bxf3 7. Qxf3 g6 8. d3 Bg7 9. 0-0 a6 10. a4 0-0 11. Be3 Rb8 12. Qf2 Na5 13. Ba2 Nc6 14. e5 dxe5 15. Bxc5 exf4 16. Qxf4 b6 17. Be3 e6 18. Qf2 Qc7 19. Bc4 e5 20. Bg5 Nh5 21. Nd5 Qb7 22. c3 Nf4 23. Nxf4 exf4 24. Bxf4 Rbd8 25. d4 Kh8 26. Qh4 Ne7 27. Bg5 Rd7 28. Bxf7 Nf5 29. Rxf5 gxf5 30. Bg6 Bxd4+ 31. cxd4 Qc6 32. Bh5 Rg7 33. Bf3 Qd6 34. Bh6 Rfg8 35. Bxg7+ Rxg7 36. Re1 h6 37. Re8+ Kh7 38. Qd8 Qb4 39. Rh8+ Kg6 40. Qe8+ 1-0

[Event "Brasilia-ch op"]
[Site "Brasilia"]
[Date "2015.11.02"]
[Round "6"]
[White "Moraes Silva, Carlos Alessandro"]
[Black "Rodrigues, Joao Batista"]
[Result "1-0"]
[WhiteElo "1696"]
[BlackElo "1772"]
[PlyCount "133"]
[EventDate "2015.10.30"]
[EventType "swiss"]
[EventRounds "7"]
[EventCountry "BRA"]
[SourceTitle "CBM 169 Extra"]
[Source "ChessBase"]
[SourceDate "2015.12.18"]
[SourceVersion "1"]
[SourceVersionDate "2015.12.18"]
[SourceQuality "1"]

1. c4 b6 2. d4 Bb7 3. Nc3 Nf6 4. d5 g6 5. e4 d6 6. g3 Bg7 7. Bg2 0-0 8. Nge2 c5 9. h3 Nbd7 10. f4 e5 11. dxe6 fxe6 12. Qxd6 Re8 13. Be3 Bf8 14. Qd3 Nb8 15. Qc2 Qe7 16. 0-0 Nc6 17. e5 Nh5 18. g4 Ng7 19. Rad1 Red8 20. Qb1 Na5 21. Bxb7 Qxb7 22. b3 Be7 23. Ng3 Nc6 24. Qe4 Na5 25. Qxb7 Nxb7 26. Nb5 a6 27. Nc7 Ra7 28. f5 gxf5 29. gxf5 Bh4 30. Ne4 Nxf5 31. Bf2 Bxf2+ 32. Kxf2 Rxd1 33. Rxd1 Nd4 34. Nf6+ Kf7 35. Rg1 Na5 36. Nce8 Nf5 37. Rg8 Nc6 38. Rh8 Kg6 39. Rg8+ Ng7 40. Nxg7 Rxg7 41. Rxg7+ Kxg7 42. Nd7 Kf7 43. Ke3 Ke7 44. Nxb6 Nxe5 45. Ke4 Nc6 46. Na4 Kd6 47. Nc3 Nb4 48. h4 Nc2 49. Kf4 Nd4 50. Ne4+ Kc6 51. h5 Nf5 52. Ke5 a5 53. Nf6 h6 54. Kxe6 Nd4+ 55. Kf7 Kd6 56. Ng4 Nf5 57. Kg6 Ke6 58. Nxh6 Ng3 59. Ng8 Ke5 60. Ne7 Nxh5 61. Kxh5 Kd4 62. Nc6+ Kc3 63. Nxa5 Kb2 64. Nb7 Kxa2 65. Nxc5 Ka3 66. Nd3 Kxb3 67. c5 1-0

[Event "Brasilia-ch op"]
[Site "Brasilia"]
[Date "2015.10.30"]
[Round "1"]
[White "Lucena, Lincoln"]
[Black "Moraes Silva, Carlos Alessandro"]
[Result "1-0"]
[WhiteElo "2126"]
[BlackElo "1696"]
[PlyCount "89"]
[EventDate "2015.10.30"]
[EventType "swiss"]
[EventRounds "7"]
[EventCountry "BRA"]
[SourceTitle "CBM 169 Extra"]
[Source "ChessBase"]
[SourceDate "2015.12.18"]
[SourceVersion "1"]
[SourceVersionDate "2015.12.18"]
[SourceQuality "1"]

1. c4 c5 2. Nc3 Nc6 3. g3 g6 4. Bg2 Bg7 5. e3 Nf6 6. d4 cxd4 7. exd4 d6 8. Nge2 0-0 9. a3 Re8 10. 0-0 Bd7 11. d5 Na5 12. b3 a6 13. Be3 b5 14. cxb5 axb5 15. Nd4 b4 16. Nce2 Nb7 17. Nc6 Qc8 18. Rc1 Bxc6 19. dxc6 Nc5 20. Bxc5 dxc5 21. Rxc5 Rxa3 22. c7 Ra7 23. Qc2 Nd7 24. Rc1 Nxc5 25. Qxc5 Ra1 26. Rxa1 Bxa1 27. Qa5 Bg7 28. Bc6 Rf8 29. Nf4 e6 30. h4 Bf6 31. h5 Be7 32. Qe5 g5 33. h6 f6 34. Qxe6+ Qxe6 35. Nxe6 Rc8 36. Bd7 Rxc7 37. Nxc7 Kf7 38. Be8+ Kf8 39. Bh5 Kg8 40. Ne6 f5 41. f4 gxf4 42. gxf4 Bf6 43. Kf2 Bh4+ 44. Ke2 Bf6 45. Kd3 1-0